| 000 | 00808cam a2200277 a 4500 | ||
|---|---|---|---|
| 001 | 14166529 | ||
| 005 | 20180104080235.0 | ||
| 008 | 051109s2007 cau 001 0 eng | ||
| 010 | _a 2005937024 | ||
| 020 | _a0495009946 | ||
| 035 | _a(DLC)2005937024 | ||
| 035 | _a(DLC)4175 | ||
| 040 |
_aDLC _cDLC _dDLC |
||
| 041 | _aeng | ||
| 042 | _apcc | ||
| 043 | _an-us--- | ||
| 080 | _a34 NEU | ||
| 082 | _a34 NEU | ||
| 100 | 1 | _a14 | |
| 101 | _aJUR | ||
| 245 | 1 | 0 |
_aJudicial process : _cDavid W. Neubauer, Stephen S. Meinhold. |
| 504 | _aIncludes bibliographical references and index. | ||
| 906 |
_a7 _bcbc _corignew _d2 _eepcn _f20 _gy-gencatlg |
||
| 942 |
_2ddc _cBK |
||
| 999 |
_c39738 _d39738 |
||